书目信息 |
| 题名: |
Head First HTML与CSS、XHTML(中文版)
|
|
| 作者: | 弗里曼 , 弗里曼 著 ;林旺 , 张晓坤 译 | |
| 分册: | ||
| 出版信息: | 北京 中国电力出版社 2008.04 |
|
| 页数: | 658页 | |
| 开本: | 23cm | |
| 丛书名: | ||
| 单 册: | ||
| 中图分类: | TP312 | |
| 科图分类: | ||
| 主题词: | 超文本标记语言--chao wen ben biao ji yu yan--HTML,XHTML--主页制作--程序设计 | |
| 电子资源: | ||
| ISBN: | 978-7-5083-5646-4 | |
| 000 | 01202nam0 2200277 450 | |
| 001 | 012008517753 | |
| 005 | 20080901151019.46 | |
| 010 | @a978-7-5083-5646-4@dCNY79.00 | |
| 100 | @a20080901d2008 em y0chiy0120 ea | |
| 101 | 1 | @achi@ceng |
| 102 | @aCN@b110000 | |
| 105 | @aa z 001yy | |
| 106 | @ar | |
| 200 | 1 | @aHead First HTML与CSS、XHTML(中文版)@AHead First HTML yu CSS、XHTML(zhong wen ban)@fElisabeth Freeman, Eric Freeman著@FElisabeth Freeman,Eric Freeman zhu@g林旺, 张晓坤译@Glin wang,zhang xiao kun yi |
| 210 | @a北京@c中国电力出版社@d2008.04 | |
| 215 | @a658页@c图@d23cm | |
| 320 | @a有索引 | |
| 330 | @a本书用非常现代的方式介绍网页标签以及呈现的实践技巧。使你不再顾虑Web—safe颜色支持的浏览器问题,二也不再不明智地在网页中加入标签来控制字符。更好的是,你将兴致勃勃地学习HTML、二XHTML和CSS,而不再昏昏欲睡。 | |
| 606 | 0 | @a超文本标记语言@Achao wen ben biao ji yu yan@xHTML,XHTML@x主页制作@x程序设计 |
| 690 | @aTP312@v4 | |
| 701 | 1 | @a弗里曼@Afu li man@g(Freeman, Elisabeth)@4著 |
| 701 | 1 | @a弗里曼@Afu li man@g(Freeman, Eric)@4著 |
| 702 | 0 | @a林旺@Alin wang@4译 |
| 702 | 0 | @a张晓坤@Azhang xiao kun@4译 |
| 801 | 0 | @aCN@bQSSK@c20080901 |
| 905 | @b733777@dTP312@eF594@f1 | |
| Head First HTML与CSS、XHTML(中文版)/Elisabeth Freeman, Eric Freeman著/林旺, 张晓坤译.-北京:中国电力出版社,2008.04 |
| 658页:图;23cm |
| ISBN 978-7-5083-5646-4:CNY79.00 |
| 本书用非常现代的方式介绍网页标签以及呈现的实践技巧。使你不再顾虑Web—safe颜色支持的浏览器问题,二也不再不明智地在网页中加入标签来控制字符。更好的是,你将兴致勃勃地学习HTML、二XHTML和CSS,而不再昏昏欲睡。 |
| ● |
| 相关链接 |
|
|
|
正题名:Head First HTML与CSS、XHTML(中文版)
索取号:TP312/F594
 
预约/预借
| 序号 | 登录号 | 条形码 | 馆藏地/架位号 | 状态 | 备注 |
| 1 | 733777 | 207337773 | 自科库301/301自科库 48排6列2层/ [索取号:TP312/F594] | 在馆 |